| 000 | 00544nam a2200181Ia 4500 | ||
|---|---|---|---|
| 008 | 151202s9999||||xx |||||||||||||| ||und|| | ||
| 082 | _bPNVM-58716 | ||
| 100 | _aहस्ते इंदुमती. | ||
| 245 | _aपानगळ. | ||
| 260 | _b"जयश्री प्रकाशन,नागपूर." | ||
| 260 | _c1995 | ||
| 300 | _a201 | ||
| 600 | _aहस्ते इंदुमती. | ||
| 630 | _aपानगळ. | ||
| 700 | _aहस्ते इंदुमती. | ||
| 730 | _aपानगळ. | ||
| 942 | _cBOOK | ||
| 999 |
_c1325251 _d1325248 |
||